000 00734nam a22002297a 4500
999 _c10463
_d10463
003 AR-CdUCM
008 190401b ||||| |||| 00| 0 ita d
040 _aMUNICIPALIDAD PROVINCIAL DEL CUSCO
_cBIBLIOTECA MUNICIPAL DEL CUSCO
082 _a851 /
_bF518C
100 _aFiorentino, Luigi
_927333
245 _aCielo e pietra
260 _aSiena :
_bMaia,
_c1957.
300 _a80 páginas ;
_c19 cm.
440 _aPoesia del nostro tempo
_n9
_927334
500 _aDonación de la familia Nieto. Dedicatoria a Luis Nieto
505 _aContenido: Accadimenti -- Antico affanno -- Pietra -- Cielo.
650 _aLiteratura Italiana
_9615
650 _aPoesía
_9139
650 _aSiglo XX
_98
942 _2ddc
_cLIBROS
945 _acmm